[Event "Challenge"]
[Site "http://www.queenalice.com/game.php?id=1220255"]
[Date "2013.9.26"]
[Round "-"]
[White "denaultj"]
[Black "pmq"]
[Result "1-0"]
[WhiteElo "1753"]
[BlackElo "1664"]

1. e4 e5 2. Nf3 d6 3. Nc3 Bg4 4. Be2 Bxf3 5. Bxf3 a6 6. a4 Nf6 7. b4 c6 8. a5
Be7 9. O-O O-O 10. h3 b5 11. d4 Nbd7 12. Bb2 exd4 13. Qxd4 c5 14. bxc5 dxc5 15.
Qd3 c4 16. Qe3 Bc5 17. Qg5 Bd4 18. e5 Rb8 19. exf6 Bxf6 20. Qg4 Nc5 21. Nd5 Bxb2
22. Rad1 Qxa5 23. c3 Bxc3 24. Rc1 Bb2 25. Rb1 Be5 26. Ne7+ Kh8 27. Nc6 Qb6 28.
Nxe5 Rbe8 29. Nd7 Nxd7 30. Qxd7 Rd8 31. Qf5 g6 32. Qe5+ f6 33. Qf4 Rd4 34. Qh6
Qc5 35. Bb7 g5 36. Bxa6 Rh4 37. Rxb5 Qd6 38. Rd5 Qb8 39. Qxh4 gxh4 40. Bxc4 Qc8
41. Rd4 f5 42. Rxh4 Qd8 43. Rh5 Qd4 44. Bb3 f4 45. Bc2 Rf7 46. Re1 Kg7 47. Rxh7+
Kf6 48. Rh6+ Kg7 49. Rg6+ Kf8 50. Rc6 Qd7 51. Be4 Re7 52. Rf6+ Kg7 53. Rxf4 Qd2
54. Re3 Qd1+ 55. Kh2 Kg8 56. g4 Qd6 57. Kg3 Rf7 58. Rf3 Rxf4 59. Rxf4 Kg7 60. g5
Qe5 61. h4 1-0

[Event "Challenge"]
[Site "http://www.queenalice.com/game.php?id=1227065"]
[Date "2013.10.25"]
[Round "-"]
[White "agilulfo"]
[Black "pmq"]
[Result "0-1"]
[WhiteElo "1905"]
[BlackElo "1652"]

1. d4 d5 2. c4 dxc4 3. e3 b5 4. a4 c6 5. axb5 cxb5 6. Qf3 Nc6 7. Qxc6+ Bd7 8.
Qc5 e6 9. Qh5 g6 10. Qd1 Nf6 11. b3 Bb4+ 12. Bd2 Bxd2+ 13. Nxd2 c3 14. Nb1 b4
15. Nf3 O-O 16. Ne5 Qc7 17. Bc4 Rab8 18. O-O h5 19. Nxd7 Qxd7 20. Ra4 Rfc8 21.
Qd3 Qd8 22. Rxa7 Rc7 23. Rxc7 Qxc7 24. d5 exd5 25. Bxd5 Nxd5 26. Qxd5 Rd8 27.
Qc4 Qxc4 28. bxc4 c2 29. c5 Rd1 0-1

[Event "Challenge"]
[Site "http://www.queenalice.com/game.php?id=1268402"]
[Date "2014.3.27"]
[Round "-"]
[White "pmq"]
[Black "denaultj"]
[Result "0-1"]
[WhiteElo "1678"]
[BlackElo "1772"]

1. e4 e5 2. Nf3 d6 3. d4 exd4 4. Nxd4 Nf6 5. Bg5 Be7 6. Bxf6 Bxf6 7. c3 O-O 8.
Be2 Be5 9. O-O Qh4 10. Nf3 Qf6 11. Nbd2 c5 12. Nc4 Bf4 13. Re1 Nc6 14. a3 Bg4
15. Ne3 Bxf3 16. Bxf3 Ne5 17. Nd5 Qg5 18. Nxf4 Qxf4 19. Qxd6 Nxf3+ 20. gxf3 Qxd6
21. e5 Qd5 22. f4 Qf3 23. c4 Qxf4 24. b3 Rae8 25. h3 Rxe5 26. Kf1 Qh2 0-1

[Event "Challenge"]
[Site "http://www.queenalice.com/game.php?id=1279533"]
[Date "2014.5.6"]
[Round "-"]
[White "pmq"]
[Black "denaultj"]
[Result "0-1"]
[WhiteElo "1666"]
[BlackElo "1862"]

1. e4 e5 2. Nf3 Nc6 3. Nc3 Nf6 4. Bb5 Bc5 5. Bxc6 bxc6 6. Nxe5 Ba6 7. d3 Bd4 8.
Ng4 O-O 9. Be3 Bxe3 10. Nxe3 d6 11. h3 c5 12. b3 Bb7 13. O-O g6 14. a3 a5 15.
Qf3 Bc6 16. Ng4 Nxg4 17. Qxg4 Qf6 18. Ne2 Qb2 19. Rfc1 a4 20. bxa4 Bxa4 21. c3
Rae8 22. d4 f5 23. Qf3 c4 24. e5 dxe5 25. Qd5+ Rf7 26. Qxc4 Bb5 27. Qa2 Qxe2 28.
Re1 Qxa2 29. Rxa2 e4 30. a4 Ra8 31. Rb1 Bc4 32. Ra3 h5 33. Rb4 Bd3 34. d5 h4 35.
c4 Ra5 36. f3 Rd7 37. Kf2 g5 38. g4 Rf7 39. Ke3 Bf1 40. gxf5 exf3 41. Kxf3 Bxh3
42. Ke4 Bxf5+ 43. Ke5 h3 44. Rb2 g4 45. Rc2 Bxc2 0-1

[Event "Challenge"]
[Site "http://www.queenalice.com/game.php?id=1316166"]
[Date "2014.10.18"]
[Round "-"]
[White "denaultj"]
[Black "pmq"]
[Result "0-1"]
[WhiteElo "1838"]
[BlackElo "1658"]

1. e4 e5 2. Nf3 Nc6 3. c3 d5 4. exd5 Qxd5 5. Be2 Bg4 6. O-O O-O-O 7. Ng5 Bxe2 8.
Qxe2 Nf6 9. h3 Bd6 10. b4 e4 11. Na3 Qxg5 12. d3 Qe5 13. g3 Qxc3 14. Rb1 exd3
15. Qe1 Qxe1 16. Rxe1 Bxb4 17. Rd1 d2 18. Bb2 Ne4 19. Bxg7 Rhe8 20. Nb5 Bc5 21.
Kg2 Nxf2 22. Bf6 Nxd1 23. Bxd8 Ne3+ 0-1

[Event "Challenge"]
[Site "http://www.queenalice.com/game.php?id=1325059"]
[Date "2014.11.28"]
[Round "-"]
[White "pmq"]
[Black "denaultj"]
[Result "0-1"]
[WhiteElo "1729"]
[BlackElo "1755"]

1. e4 e5 2. Nf3 Nf6 3. Nc3 a6 4. Nxe5 Nc6 5. d4 d6 6. Nxc6 bxc6 7. Bg5 Qd7 8.
Qe2 d5 9. e5 Qg4 10. Bxf6 gxf6 11. exf6+ Be6 12. Qe3 Qf5 13. Qe5 Bd6 14. Qxf5
Bxf5 15. Bd3 Bg6 16. O-O Bxd3 17. cxd3 O-O-O 18. f4 Rde8 19. f5 h5 20. h4 Rh6
21. Rae1 Kd7 22. Nd1 Rxf6 23. Ne3 a5 24. a4 Rb8 25. Rb1 Rb3 26. Rfd1 Bf4 27. Kf2
Bxe3+ 28. Kxe3 Rxf5 29. g3 Rf6 30. Rf1 Ke6 31. Rxf6+ Kxf6 32. Kd2 Rb4 33. Kc3
Kf5 34. b3 Kg4 35. Rf1 f5 36. Rf2 Rb8 37. Rg2 Re8 38. b4 axb4+ 39. Kxb4 Kf3 40.
Rc2 Rb8+ 41. Kc5 Kxg3 42. Kxc6 f4 43. Kxc7 Rb3 44. a5 f3 45. a6 f2 46. Rc1 Ra3
47. Kb7 Rb3+ 48. Kc6 Kg2 49. a7 Ra3 50. Kb7 f1=Q 51. Rxf1 Kxf1 52. a8=Q Rxa8 53.
Kxa8 Ke2 0-1

[Event "Challenge"]
[Site "http://www.queenalice.com/game.php?id=1325306"]
[Date "2014.11.30"]
[Round "-"]
[White "pmq"]
[Black "JORAM2205"]
[Result "1-0"]
[WhiteElo "1681"]
[BlackElo "1751"]

1. e4 e5 2. Nf3 d6 3. d4 Nc6 4. d5 Nb4 5. Bd2 a5 6. a3 Na6 7. Bxa6 bxa6 8. Bxa5
Nf6 9. Nc3 Be7 10. O-O h6 11. Qd3 Bd7 12. Qc4 Ra7 13. h3 Qb8 14. Rab1 Bd8 15. b4
Bb5 16. Nxb5 axb5 17. Qc6+ Nd7 18. c4 bxc4 19. Qxc4 O-O 20. g3 f5 21. exf5 Rxf5
22. Qg4 Rf7 23. Kg2 Nf6 24. Qe6 Ra6 25. Rfc1 Qa7 26. Rb3 Qb7 27. Rbc3 Ra8 28.
Rc6 e4 29. Nd2 Qc8 30. Nxe4 Qxe6 31. dxe6 Re7 32. Nxf6+ gxf6 33. Bxc7 Rxe6 34.
Ba5 Bxa5 35. Rc8+ Rxc8 36. Rxc8+ Kg7 37. bxa5 d5 38. Ra8 d4 39. a6 d3 40. a7 Ra6
41. Rd8 Rxa7 42. Rxd3 Kg6 43. f4 Kf5 44. Kf3 h5 45. g4+ Kg6 46. Kg3 hxg4 47.
hxg4 Kh6 48. Kh4 Ra4 49. f5 Kg7 50. Kh5 Kf7 51. Rd7+ Ke8 52. Rh7 Rxa3 53. Kg6
Ra6 54. Rf7 Ra4 55. Kxf6 Rxg4 56. Rg7 Rxg7 57. Kxg7 Ke7 58. f6+ Ke6 59. f7 Ke5
60. f8=Q Kd4 61. Qa3 Ke4 62. Qc3 Kd5 63. Qb4 Ke5 64. Qc4 Kd6 65. Kf6 Kd7 66. Qc5
1-0

[Event "Challenge"]
[Site "http://www.queenalice.com/game.php?id=1331886"]
[Date "2014.12.31"]
[Round "-"]
[White "JORAM2205"]
[Black "pmq"]
[Result "0-1"]
[WhiteElo "1743"]
[BlackElo "1700"]

1. e4 e5 2. Nf3 Nc6 3. d3 Bc5 4. Nc3 d6 5. Nd5 Be6 6. Nc3 Bg4 7. Be2 Nf6 8. h3
Bxf3 9. Bxf3 h6 10. Qe2 O-O 11. Bd2 a6 12. Na4 Nb4 13. Bc3 b5 14. Nxc5 dxc5 15.
a3 Nc6 16. b4 Nd4 17. Bxd4 cxd4 18. Rc1 Rc8 19. g4 c5 20. bxc5 Rxc5 21. O-O a5
22. h4 b4 23. Ra1 bxa3 24. Rxa3 Nh7 25. Kg2 Qxh4 26. Qd1 h5 27. Rh1 Qg5 28. Rxh5
Qf4 29. Ra2 g6 30. Rh3 Kg7 31. Qh1 Ng5 32. Rg3 Rh8 33. Qd1 Nxf3 34. Qxf3 Qc1 35.
Rh3 Qb1 36. Ra4 Qxc2 37. g5 Rxh3 38. Qf6+ Kg8 39. Ra3 Rxd3 40. Qd8+ Kg7 41. Qf6+
Kg8 42. Qd8+ Kh7 43. Qd7 Rc7 44. Qd6 Rxa3 45. Qxa3 Qxe4+ 46. Kf1 Rc3 47. Qb2 Rh3
48. Kg1 Qh1# 0-1

[Event "Challenge"]
[Site "http://www.queenalice.com/game.php?id=1334817"]
[Date "2015.1.14"]
[Round "-"]
[White "ORNELAS"]
[Black "pmq"]
[Result "0-1"]
[WhiteElo "1604"]
[BlackElo "1718"]

1. Nf3 d5 2. d4 Nf6 3. c3 Bg4 4. Ne5 e6 5. Bg5 h6 6. Nxg4 hxg5 7. Nxf6+ Qxf6 8.
g3 Bd6 9. Bg2 c5 10. O-O cxd4 11. cxd4 Nc6 12. e3 Qh6 13. Qb3 Qxh2# 0-1

[Event "Challenge"]
[Site "http://www.queenalice.com/game.php?id=1335741"]
[Date "2015.1.19"]
[Round "-"]
[White "pmq"]
[Black "JORAM2205"]
[Result "1-0"]
[WhiteElo "1714"]
[BlackElo "1785"]

1. e4 e5 2. Nf3 d6 3. h3 Nc6 4. Bb5 Bd7 5. Bxc6 Bxc6 6. Nc3 Nf6 7. d3 h6 8. Be3
Be7 9. a3 Nd7 10. d4 f6 11. d5 Bb5 12. Nxb5 b6 13. O-O Qc8 14. b4 a6 15. Nc3 b5
16. a4 Qb7 17. axb5 O-O 18. Qd3 Nb8 19. Nh4 g5 20. Ng6 Rf7 21. Qe2 Bd8 22. Qg4
Kg7 23. Qf5 Nd7 24. h4 Nf8 25. h5 c5 26. bxc5 Ba5 27. Rxa5 axb5 28. Rxa8 Qxa8
29. Nxb5 Nh7 30. Nxd6 Rc7 31. Qe6 Qg8 32. c6 Qxe6 33. dxe6 Rxc6 34. e7 Rxd6 35.
e8=Q g4 36. Qe7+ Kg8 37. Qxd6 1-0

[Event "6"]
[Site "http://www.queenalice.com/game.php?id=1336485"]
[Date "2015.1.23"]
[Round "-"]
[White "SETOP"]
[Black "pmq"]
[Result "1-0"]
[WhiteElo "1863"]
[BlackElo "1729"]

1. f4 d5 2. Nf3 Nc6 3. e3 Bg4 4. Be2 Bxf3 5. Bxf3 Nf6 6. O-O e5 7. fxe5 Nxe5 8.
d3 Be7 9. Bd2 g5 10. Nc3 g4 11. Be2 h5 12. e4 d4 13. Nb5 a6 14. Na3 h4 15. Bg5
g3 16. h3 Qd6 17. Bf4 O-O-O 18. Nc4 Qe6 19. Bxe5 Bd6 20. Bxf6 Be7 21. Bg4 Bxf6
22. Bxe6+ fxe6 23. Rxf6 Rde8 24. Qg4 Kb8 25. Rxe6 1-0

[Event "6"]
[Site "http://www.queenalice.com/game.php?id=1336960"]
[Date "2015.1.25"]
[Round "-"]
[White "pmq"]
[Black "SETOP"]
[Result "0-1"]
[WhiteElo "1733"]
[BlackElo "1978"]

1. e4 e5 2. Nf3 Nc6 3. d4 exd4 4. Nxd4 Nge7 5. c4 Nxd4 6. Qxd4 Nc6 7. Qd1 Be7 8.
Be2 O-O 9. O-O Bg5 10. Nc3 Bxc1 11. Rxc1 d6 12. a3 Bd7 13. Rc2 f5 14. Rd2 f4 15.
Rd5 Ne5 16. h3 f3 17. Bxf3 Nxf3+ 18. gxf3 Bxh3 19. Rh5 Bxf1 20. Kxf1 Qf6 21. Nd5
Qxf3 22. Qxf3 Rxf3 23. Ne7+ Kf8 24. Nd5 h6 25. Nxc7 Rc8 26. Ne6+ Kf7 27. Nd4 Rd3
28. Rf5+ Kg6 29. Ne6 h5 30. Ke2 Rb3 31. Nf4+ Kh7 32. Rxh5+ Kg8 33. Rd5 Rxc4 34.
Nd3 Rxe4+ 35. Kf1 Rb6 36. b4 Ra6 37. f3 Rc4 38. f4 Rxa3 39. b5 Rxd3 40. Rxd3
Rxf4+ 41. Ke2 Rf5 42. Rb3 Kf7 43. Ke3 Ke6 44. Ke4 g5 45. Kd4 g4 46. Kc4 Rf4+ 47.
Kc3 Rf3+ 48. Kb4 Rxb3+ 0-1

[Event "Challenge"]
[Site "http://www.queenalice.com/game.php?id=1337318"]
[Date "2015.1.26"]
[Round "-"]
[White "denaultj"]
[Black "pmq"]
[Result "0-1"]
[WhiteElo "1757"]
[BlackElo "1749"]

1. e4 e5 2. Nf3 Nc6 3. c3 Nf6 4. Bc4 Nxe4 5. Qb3 Qf6 6. h3 Be7 7. d3 Nc5 8. Qc2
O-O 9. b4 Ne6 10. d4 exd4 11. Bxe6 Qxe6+ 12. Kd1 dxc3 13. Qxc3 Bxb4 14. Qe3 Qd5+
15. Bd2 f6 16. Nc3 Bxc3 17. Qxc3 b6 18. Ke1 a5 19. a3 Ba6 20. Rd1 Qb5 21. Be3
Qe2# 0-1

[Event "Challenge"]
[Site "http://www.queenalice.com/game.php?id=1338567"]
[Date "2015.2.1"]
[Round "-"]
[White "JORAM2205"]
[Black "pmq"]
[Result "0-1"]
[WhiteElo "1739"]
[BlackElo "1733"]

1. e4 e5 2. Nf3 Nc6 3. Bc4 h6 4. d3 Nf6 5. Nc3 Bb4 6. Bd2 Bxc3 7. Bxc3 d6 8. h3
O-O 9. d4 exd4 10. Bxd4 Nxd4 11. Qxd4 c5 12. Qe3 Re8 13. Rd1 Rxe4 14. O-O Rxe3
15. fxe3 Be6 16. Bd3 Bxa2 17. g4 Bd5 18. Nd2 Qe7 19. Rde1 Qe5 20. c3 Qg3# 0-1

[Event "Challenge"]
[Site "http://www.queenalice.com/game.php?id=1340464"]
[Date "2015.2.10"]
[Round "-"]
[White "pmq"]
[Black "JORAM2205"]
[Result "1-0"]
[WhiteElo "1765"]
[BlackElo "1675"]

1. e4 e5 2. Nf3 d6 3. d4 Nc6 4. d5 Nf6 5. dxc6 Nxe4 6. Bb5 Ke7 7. Qd5 Nf6 8. Bg5
Be6 9. Qd3 e4 10. Qxe4 h6 11. Bxf6+ gxf6 12. Nh4 Bg7 13. cxb7 Rb8 14. Bc6 d5 15.
Qb4+ Qd6 16. a3 Qxb4+ 17. axb4 f5 18. c3 Rhd8 19. Rxa7 Bd4 20. cxd4 Rg8 21. O-O
f4 22. Re1 Kf6 23. Kf1 Bh3 24. gxh3 Kg5 25. Nf3+ Kf5 26. Re8 Rgxe8 27. Bxe8 f6
28. Bc6 Ke4 29. Nbd2+ Kd3 30. Ra8 Rxa8 31. bxa8=Q Kc2 32. Qa4+ Kxb2 33. Qb3+ Kc1
34. Qb1# 1-0

[Event "Challenge"]
[Site "http://www.queenalice.com/game.php?id=1341320"]
[Date "2015.2.13"]
[Round "-"]
[White "pmq"]
[Black "denaultj"]
[Result "1-0"]
[WhiteElo "1777"]
[BlackElo "1741"]

1. e4 e5 2. Nf3 Nf6 3. Nc3 d6 4. d4 c6 5. dxe5 Ng4 6. exd6 Bxd6 7. h3 Ne5 8.
Nxe5 Bxe5 9. Qxd8+ Kxd8 10. Be3 b5 11. f4 Bf6 12. O-O-O+ Nd7 13. g3 Ke7 14. e5
Nxe5 15. fxe5 Bxe5 16. Bc5+ Ke6 17. Re1 f6 18. h4 Kf7 19. Rg1 h5 20. Ne4 Rd8 21.
Be2 g6 22. g4 Be6 23. gxh5 Bxa2 24. hxg6+ Kg7 25. b3 Rd5 26. Rd1 f5 27. Rxd5
cxd5 28. Nd2 Rc8 29. Ba3 a5 30. Bb2 d4 31. Bxb5 Rc5 32. Bc4 a4 33. h5 axb3 34.
Bxb3 Bxb3 35. Nxb3 Rc4 36. Na5 Rc5 37. Nb3 Rd5 38. Rd1 Kh6 39. c3 d3 40. c4 d2+
41. Kc2 Rc5 42. Nxc5 1-0

[Event "OS INCLIVEIS"]
[Site "http://www.queenalice.com/game.php?id=1344941"]
[Date "2015.3.1"]
[Round "-"]
[White "adelio"]
[Black "pmq"]
[Result "0-1"]
[WhiteElo "1686"]
[BlackElo "1792"]

1. d4 d5 2. e4 dxe4 3. Nc3 Nf6 4. f3 exf3 5. Nxf3 Bg4 6. h3 Bxf3 7. Qxf3 c6 8.
Be3 Nbd7 9. Bc4 e5 10. Bxf7+ Kxf7 11. O-O e4 12. Nxe4 Be7 13. g4 c5 14. d5 Ne5
15. Ng5+ Ke8 16. Ne6 Nxf3+ 17. Rxf3 Qd6 18. Nxg7+ Kf7 19. Nf5 Qxd5 20. Raf1 Ke8
21. Nxe7 Kxe7 22. Rxf6 Raf8 23. g5 Rxf6 24. gxf6+ Kf7 25. b3 Rg8+ 26. Kf2 Rg2+
27. Ke1 Qe5 28. Rf3 Qa1+ 29. Bc1 Qxc1# 0-1

[Event "OS INCLIVEIS"]
[Site "http://www.queenalice.com/game.php?id=1344942"]
[Date "2015.3.1"]
[Round "-"]
[White "pmq"]
[Black "adelio"]
[Result "1-0"]
[WhiteElo "1804"]
[BlackElo "1717"]

1. e4 a6 2. d4 c5 3. d5 e5 4. dxe6 fxe6 5. Nf3 Nc6 6. Be3 d6 7. Be2 Be7 8. c4
Nf6 9. Nc3 Ng4 10. Qd2 Nxe3 11. Qxe3 Nd4 12. Nxd4 cxd4 13. Qxd4 Bf6 14. Qd3 O-O
15. O-O e5 16. Qd5+ Kh8 17. Rad1 Be7 18. c5 Rf6 19. cxd6 Bxd6 20. Qxe5 Qe7 21.
Qxe7 Bxe7 22. Nd5 Rd6 23. Nxe7 Rxd1 24. Rxd1 Be6 25. b3 Re8 26. Nd5 Rd8 27. Nc7
Rxd1+ 28. Bxd1 Bf7 29. f4 a5 30. a4 h5 31. e5 h4 32. e6 Bg6 33. e7 Kh7 34. Bc2
Bxc2 35. e8=Q Bxb3 36. Qe7 Bxa4 37. Ne6 Kg6 38. g4 hxg3 39. hxg3 Bb3 40. g4 Bxe6
41. Qxe6+ Kh7 42. g5 g6 43. Qf7+ Kh8 44. Qxg6 b5 45. Qh6+ Kg8 46. g6 b4 47. Qh7+
Kf8 48. Qf7# 1-0

[Event "Challenge"]
[Site "http://www.queenalice.com/game.php?id=1346609"]
[Date "2015.3.9"]
[Round "-"]
[White "pmq"]
[Black "denaultj"]
[Result "1-0"]
[WhiteElo "1817"]
[BlackElo "1759"]

1. e4 e5 2. Nf3 d6 3. d4 c6 4. dxe5 Qe7 5. Bf4 dxe5 6. Bxe5 Bg4 7. Qd4 b5 8. Be2
h5 9. h3 Bc8 10. O-O Nd7 11. Bxg7 Rh7 12. Be5 Bb7 13. a3 Rd8 14. Qxa7 Ba8 15.
Rd1 Nxe5 16. Rxd8+ Qxd8 17. Nxe5 Ne7 18. Nc3 Qc8 19. b4 Rg7 20. Bxh5 Ng6 21.
Nxf7 Qb7 22. Qxb7 Bxb7 23. Ne5 1-0

[Event "Challenge"]
[Site "http://www.queenalice.com/game.php?id=1350087"]
[Date "2015.3.26"]
[Round "-"]
[White "Bategoll"]
[Black "pmq"]
[Result "0-1"]
[WhiteElo "1779"]
[BlackElo "1831"]

1. d4 d5 2. Nf3 Nc6 3. Nc3 Nf6 4. e3 Bg4 5. Be2 Bxf3 6. Bxf3 e5 7. dxe5 Nxe5 8.
Bxd5 Nxd5 9. Qxd5 Qxd5 10. Nxd5 O-O-O 11. Nf4 Nc4 12. O-O g6 13. b3 Bg7 14. Rb1
Ne5 15. Bb2 Rd2 16. Rfc1 h5 17. a4 g5 18. Nh3 f6 19. Bd4 Bh6 20. f3 Rg8 21. Nf2
g4 22. Bc3 Nxf3+ 23. Kf1 Nxh2+ 24. Ke1 Rd5 25. Bxf6 Re8 26. e4 Bxc1 27. Rxc1 g3
28. e5 gxf2+ 29. Kxf2 Ng4+ 30. Kg3 Nxf6 31. exf6 Rf5 0-1

[Event "Challenge"]
[Site "http://www.queenalice.com/game.php?id=1350095"]
[Date "2015.3.26"]
[Round "-"]
[White "denaultj"]
[Black "pmq"]
[Result "1/2-1/2"]
[WhiteElo "1747"]
[BlackElo "1821"]

1. e4 e5 2. Bc4 Nf6 3. d3 Be7 4. Nf3 Nc6 5. c3 d5 6. exd5 Nxd5 7. h3 O-O 8. O-O
Be6 9. b4 a6 10. a4 h6 11. Bb2 Nb6 12. Bxe6 fxe6 13. c4 e4 14. dxe4 Qxd1 15.
Rxd1 Nxc4 16. Bc3 Nxb4 17. Rd7 Bf6 18. Bxf6 gxf6 19. Rxc7 Nd6 20. Nbd2 Rac8 21.
Rac1 e5 22. Nh4 Rxc7 23. Rxc7 Nc6 24. f3 Rc8 25. Rxc8+ Nxc8 26. Nf5 Kh7 27. Nc4
b5 28. axb5 axb5 29. Nb2 b4 30. g4 b3 31. h4 Nd4 32. Kf2 Kg6 33. Ke3 Nc2+ 34.
Kd2 Nd4 35. Nxd4 exd4 36. Kd3 h5 37. Kxd4 Nb6 38. Kc3 Nd7 39. Kxb3 Ne5 40. gxh5+
Kxh5 41. f4 Ng4 42. Nd3 Kxh4 43. e5 fxe5 44. fxe5 Nxe5 45. Nxe5 Kg5 1/2-1/2

[Event "Challenge"]
[Site "http://www.queenalice.com/game.php?id=1350338"]
[Date "2015.3.28"]
[Round "-"]
[White "pmq"]
[Black "Bategoll"]
[Result "1-0"]
[WhiteElo "1845"]
[BlackElo "1776"]

1. e4 e5 2. Nf3 d6 3. d4 Bg4 4. dxe5 Bxf3 5. Qxf3 dxe5 6. Bb5+ c6 7. Bc4 Nf6 8.
O-O Be7 9. Nc3 O-O 10. Rd1 Qc8 11. Qg3 Rd8 12. Bh6 Bf8 13. Bg5 Qg4 14. Rxd8 1-0

[Event "Challenge"]
[Site "http://www.queenalice.com/game.php?id=1350722"]
[Date "2015.3.30"]
[Round "-"]
[White "Bategoll"]
[Black "pmq"]
[Result "1-0"]
[WhiteElo "1789"]
[BlackElo "1858"]

1. e4 e5 2. Nf3 Nc6 3. Bb5 Nf6 4. O-O Nxe4 5. d4 a6 6. Ba4 b5 7. Bb3 d6 8. Bd5
Nxf2 9. Bxc6+ Bd7 10. Bxd7+ Qxd7 11. Rxf2 exd4 12. Qxd4 f6 13. Qe4+ 1-0

[Event "Challenge"]
[Site "http://www.queenalice.com/game.php?id=1350981"]
[Date "2015.3.31"]
[Round "-"]
[White "pmq"]
[Black "Bategoll"]
[Result "0-1"]
[WhiteElo "1839"]
[BlackElo "1783"]

1. e4 d6 2. h3 e5 3. Nf3 Nc6 4. Bb5 Bd7 5. Bxc6 Bxc6 6. Nc3 Nf6 7. d3 Be7 8. O-O
O-O 9. Re1 Re8 10. d4 exd4 11. Nxd4 Bd7 12. e5 dxe5 13. Rxe5 Bd6 14. Re1 Rxe1+
15. Qxe1 Bb4 16. Be3 Bc5 17. Rd1 Qc8 18. a3 Bxd4 19. Bxd4 Bc6 20. b4 Qf5 21. b5
Bxb5 22. Bxf6 gxf6 23. Nxb5 Qxb5 24. Qe3 Qg5 25. Rd7 Qxe3 26. fxe3 Rc8 27. a4 a5
28. c4 Kf8 29. Kf2 Ke8 30. Rd4 Kf8 31. Rf4 Kg7 32. e4 Rd8 33. Ke3 Rd1 34. g4 Ra1
35. Kd4 Rxa4 36. Kc5 b6+ 37. Kd5 Rb4 38. h4 a4 39. g5 fxg5 40. hxg5 a3 41. Rf2
Ra4 42. Ra2 Kg6 43. e5 Kxg5 44. Kc6 Rxc4+ 45. Kd7 Rc3 46. Ke7 Rf3 47. Re2 c5 48.
Rd2 h5 49. Rd5 Kg4 50. Kd6 h4 51. Kc6 Rb3 52. Rd7 a2 53. Rd1 Rb1 0-1